000 00521nam a22001577a 4500
999 _c15718
_d15718
008 201104b ||||| |||| 00| 0 eng d
082 _21998
_aDFil 657.076
_bG93
100 _aGuerrero, Pedro P.
_942514
245 _aAdvanced accounting:
_b a procedural approach. Vol.1/
_cPedro P. Guerrero, Jose F. Peralta
250 _a6th ed.
260 _aManila:
_bGIC Enterprises & Co.,
_c©1998.
300 _aiii, 322 pages;
_c23 cm.
650 _aAccounting.
_942515
700 _a Peralta, Jose F.
_942516
942 _2ddc
_cDFIL